00946cam a22002894i 4500003000900000005001700009008004100026020001500067035002700082040004300109082002100152100003300173245005700206264007700263300003700340336002100377337002500398338002300423505012600446526000900572526000900581526000800590526000800598526000800606526000800614650003400622PE-LiUPU20250731175645.0150616s1992 miu r 000 0 eng d a0802801730 a(Sirsi) i9780802801739 aPE-LiUPUbspacPE-LiUPUdPE-LiUPUerda04a487.415bG812211 aGreenlee, J. Harold,eautor.12aA Concise Exegetical Grammar of New Testament Greek. 1aGrand Rapids, Michigan :bWilliam B. Eerdmans Publishing Company,c1992. a79 páginas ;c22 centímetros atext2rdacontent aunmediated2rdamedia avolume2rdacarrier0 aThe alphabet -- Vowels and diphthongs -- Transliteration -- Accents -- Rules of vowel contration -- Movable -- Paradigms. aP145 aP127 aP97 aP35 aP14 aP0704aGriego biblico - Grámatica.